000 00826nmm a2200265 a 4500
001 ocm0001864679
003 TR-IsHL
005 20201028172202.0
008 180412s2014 tu tur
007 cr cn
020 _a9786051510606
035 _a1864679
_b(N$T)
050 0 4 _aPL248.A85
_bT47 2014
090 0 4 _aPL248.A85
_bT47 2014
100 1 _aAsımgil, Sevim
245 1 0 _aTerk etme beni
_h[electronic resource] /
_cSevim Asımgil
260 _aİstanbul :
_bHayat Yayıncılık,
_c2014
300 _a353 p.
650 4 _aDil ve Edebiyat
650 4 _aLanguage and Literature
650 0 _aTürk romanı
650 0 _aTurkish fiction
650 7 _aLITERARY COLLECTIONS / Middle Eastern
_2bisacsh
856 4 0 _uhttp://search.ebscohost.com/login.aspx?direct=true&scope=site&db=e011xww&AN=1864679
999 _c17073
_d17073